<?xml version="1.0" encoding="UTF-8"?>
<collection xmlns="http://www.loc.gov/MARC21/slim">
 <record>
  <leader>00763cam a2200193 7i4500</leader>
  <controlfield tag="001">0000052492</controlfield>
  <controlfield tag="005">20111220090000.0</controlfield>
  <controlfield tag="008">111220                 v           eng   </controlfield>
  <datafield tag="090" ind1="0" ind2="0">
   <subfield code="a">SH 157.85 .F52 </subfield>
   <subfield code="b">F3</subfield>
  </datafield>
  <datafield tag="245" ind1="0" ind2="0">
   <subfield code="a">Farming fish in open ponds.</subfield>
  </datafield>
  <datafield tag="260" ind1="0" ind2="0">
   <subfield code="a">Fish Vet.</subfield>
  </datafield>
  <datafield tag="300" ind1=" " ind2=" ">
   <subfield code="a">1 videocassette (24 min.): </subfield>
   <subfield code="b">sd., col.; </subfield>
   <subfield code="c">1/2 in..</subfield>
  </datafield>
  <datafield tag="520" ind1="0" ind2="0">
   <subfield code="a">An introduction to preparing ponds, stocking newly hatched fish and fingerlings, feeding fish, managing water quality and harvesting and packing market-size fish</subfield>
  </datafield>
  <datafield tag="538" ind1="0" ind2="0">
   <subfield code="a">VHS</subfield>
  </datafield>
  <datafield tag="650" ind1="0" ind2="0">
   <subfield code="a">Fish-culture </subfield>
  </datafield>
  <datafield tag="650" ind1="0" ind2="0">
   <subfield code="a">Aquaculture </subfield>
  </datafield>
  <datafield tag="650" ind1="0" ind2="0">
   <subfield code="a">Fish ponds </subfield>
  </datafield>
  <datafield tag="999" ind1=" " ind2=" ">
   <subfield code="a">1100045299</subfield>
   <subfield code="b">Video</subfield>
   <subfield code="c">Bahan Sumber Media</subfield>
   <subfield code="e">BILIK BAHAN SUMBER MEDIA</subfield>
  </datafield>
  <datafield tag="999" ind1=" " ind2=" ">
   <subfield code="a">1100047073</subfield>
   <subfield code="b">Video Compact Disc</subfield>
   <subfield code="c">Bahan Sumber Media</subfield>
   <subfield code="e">BILIK BAHAN SUMBER MEDIA</subfield>
  </datafield>
 </record>
</collection>
